Nederlands Elftal EK selecties 1976 - 2024 - Statistieken

Algemene statistieken
  • Deze quiz is 233 keer genomen
    209 sinds de laatste reset
  • De gemiddelde score is 101 van 257
Antwoordstatistieken
# Hint Antwoord % Correct
15 MvdV Micky van de Ven
96%
4 VvD Virgil van Dijk
93%
3 MdL Matthijs de Ligt
88%
21 FdJ Frenkie de Jong
87%
9 | 18 LdJ Luuk de Jong
86%
8 | 17 NdJ Nigel de Jong
85%
7 XS Xavi Simons
84%
4 | 15 | 17 | BC FdB Frank de Boer
83%
6 | 16 RdB Ronald de Boer
83%
4 | BC RK Ronald Koeman
83%
6 SdV Stefan de Vrij
83%
9 | 19 WW Wout Weghorst
83%
1 BV Bart Verbruggen
81%
11 | 26 CG Cody Gakpo
81%
10 MD Memphis Depay
81%
13 EK Erwin Koeman
76%
22 DD Denzel Dumfries
75%
8 GW Georginio Wijnaldum
75%
4 | 5 NA Nathan Aké
74%
11 | 19 AR Arjen Robben
73%
17 DB Daley Blind
73%
3 | 5 DB Danny Blind
73%
12 JF Jeremie Frimpong
70%
7 | 16 RvP Robin van Persie
70%
10 | 14 WS Wesley Sneijder
68%
1 | 16 MS Maarten Stekelenburg
67%
1 EvdS Edwin van der Sar
66%
18 DM Donyell Malen
65%
16 JV Joey Veerman
65%
9 | 12 | BC MvB Marco van Basten
61%
10 RG Ruud Gullit
59%
24 JS Jerdy Schouten
58%
13 JB Justin Bijlow
57%
11 | 23 RvdV Rafael van der Vaart
57%
7 | 18 DK Dirk Kuyt
56%
21 IM Ian Maatsen
56%
20 JZ Joshua Zirkzee
56%
14 TR Tijjani Reijnders
56%
25 SB Steven Bergwijn
55%
5 | 12 GvB Giovanni van Bronckhorst
54%
2 LG Lutsharel Geertruida
54%
23 MF Mark Flekken
54%
6 MvB Mark van Bommel
54%
11 QP Quincy Promes
53%
19 BB Brian Brobbey
52%
8 | 17 | BC FR Frank Rijkaard
52%
2 GvdW Gregory van der Wiel
52%
15 MdR Marten de Roon
52%
16 | 26 RG Ryan Gravenberch
52%
7 SB Steven Berghuis
51%
9 | 19 KJH Klaas-Jan Huntelaar
50%
12 PvA Patrick van Aanholt
50%
9 PK Patrick Kluivert
48%
3 | 18 JH John Heitinga
47%
5 OW Owen Wijndal
46%
9 JC Johan Cruyff
45%
25 JT Jurriën Timber
45%
BC BvM Bert van Marwijk
44%
1 | 20 HvB Hans van Breukelen
44%
17 JC Jordi Cruyff
44%
24 TK Teun Koopmeiners
44%
7 | 10 DB Dennis Bergkamp
42%
4 JM Joris Mathijsen
42%
13 | 22 TK Tim Krul
42%
9 | 10 RvN Ruud van Nistelrooij
40%
8 ED Edgar Davids
39%
3 | 5 JS Jaap Stam
39%
13 RV Ron Vlaar
38%
4 | 6 | 20 CS Clarence Seedorf
35%
6 DdZ Demy de Zeeuw
35%
2 AO André Ooijer
33%
2 JV Joël Veltman
33%
7 WJ Wim Jansen
32%
20 IA Ibrahim Afellay
31%
22 JVoH Jan Vennegoor of Hesselink
31%
11 | 16 MO Marc Overmars
31%
12 MV Michel Vorm
31%
6 | 7 | 20 PC Phillip Cocu
31%
17 PvH Pierre van Hooijdonk
31%
12 WvH Willem van Hanegem
31%
BC RM Rinus Michels
30%
2 MR Michael Reiziger
29%
14 DK Davy Klaassen
28%
BC DA Dick Advocaat
28%
15 JW Jetro Willems
28%
7 | 15 RvdK René van de Kerkhof
27%
8 | 10 WvdK Willy van de Kerkhof
27%
BC GH Guus Hiddink
26%
12 | 14 WK Wim Kieft
25%
10 AH Arie Haan
24%
16 | 18 EdG Ed de Goey
23%
6 JN Johan Neeskens
23%
11 RR Rob Rensenbrink
23%
15 TdC Tim de Cler
23%
5 | 12 | 15 | 20 AW Aron Winter
22%
2 | 6 BvA Berry van Aerle
22%
21 KB Khalid Boulahrouz
22%
8 OE Orlando Engelaar
22%
5 RK Ruud Krol
22%
14 SS Stijn Schaars
22%
7 AvdM Andy van der Meyde
21%
5 | 22 BZ Boudewijn Zenden
21%
6 | 20 JW Jan Wouters
20%
19 LN Luciano Narsingh
20%
2 | 3 AvT Adri van Tiggelen
19%
7 GV Gerald Vanenburg
19%
1 PS Piet Schrijvers
19%
12 | 21 RM Roy Makaay
19%
18 WJ Wim Jonk
19%
2 WS Wim Suurbier
19%
15 WB Winston Bogarde
19%
11 JvtS John van 't Schip
18%
15 | 21 PB Paul Bosvelt
18%
4 | 5 | 14 WB Wilfred Bouma
18%
23 MB Marco Bizot
17%
8 | 12 JR Johnny Rep
16%
17 KS Kevin Strootman
16%
14 RW Richard Witschge
16%
14 RW Rob Witschge
16%
13 | 19 AN Arthur Numan
15%
20 BR Bryan Roy
15%
13 HT Henk Timmer
15%
23 RW Ronald Waterreus
15%
19 YM Youri Mulder
15%
18 JdK Johan de Kock
14%
9 JB John Bosman
14%
13 RG Ruud Geels
14%
8 AM Arnold Mühren
13%
7 GT Gaston Taument
13%
14 PvV Peter van Vossen
13%
13 SM Stanley Menzo
13%
15 WK Wim Koevermans
12%
3 WR Wim Rijsbergen
12%
13 BK Bert Konterman
11%
12 MM Mario Melchiot
11%
13 | 22 SW Sander Westerveld
11%
3 ST Sjaak Troost
11%
19 HK Hendrie Krüzen
10%
18 JJ Jan Jongbloed
10%
16 PB Peter Bosz
10%
11 PH Peter Hoekstra
10%
21 RH Ruud Hesp
10%
18 WS Wilbert Suvrijn
10%
16 JH Joop Hiele
9%
9 | 19 KK Kees Kist
9%
4 AvK Adrie van Kraay
8%
2 BW Ben Wijnstekers
8%
3 MvdK Michel van de Korput
8%
4 HH Hugo Hovenkamp
7%
22 JM John Metgod
7%
13 DN Dick Nanninga
6%
19 EV Eric Viscaal
6%
21 EB Ernie Brandts
6%
6 JP Jan Poortvliet
6%
BC JZ Jan Zwartkruis
6%
22 JV John Veldman
6%
16 PD Pim Doesburg
6%
19 RZ Romeo Zondervan
6%
14 JP Jan Peters
5%
BC GK George Knobel
4%
15 HS Huub Stevens
4%
18 FT Frans Thijssen
3%
11 HO Heini Otto
3%
16 PA Peter Arntz
3%
20 WM Wim Meutstege
3%
14 AK Adrie Koster
2%
17 MV Martien Vreijsen
2%
17 JR Jan Ruiter
1%
Geen overeenkomende quizzen gevonden
Scoreverdeling
Procent van Mensen met Elke Score
Percentiel versus Aantal Correcte Antwoorden
Uw Scoregeschiedenis
U heeft deze quiz nog niet genomen sinds de laatste reset